| 000 | 01023nam a2200289 4500 | ||
|---|---|---|---|
| 003 | OSt | ||
| 005 | 20260601170956.0 | ||
| 008 | 260507b1970\\\\enka||||\||||\001\0\eng\d | ||
| 040 |
_aICI _bspa _cICI |
||
| 041 | _aeng | ||
| 050 |
_aNK1390 _bP48 |
||
| 100 | 1 |
_aSchaefer, Herwin, _eautor _930650 |
|
| 245 | 1 |
_aThe roots of modern design : _bfunctional tradition in the 19th century / _cby Herwin Schaefer |
|
| 264 |
_aLondon : _bStudio Vista, _c1970 |
||
| 300 |
_a211 páginas : _bilustraciones |
||
| 336 |
_atexto _2rdacontent |
||
| 337 |
_asin medio _2rdamedia |
||
| 338 |
_avolumen _2rdacarrier |
||
| 500 | _aEstudio histórico sobre las raíces funcionalistas del diseño moderno en el siglo XIX. | ||
| 650 |
_aDiseño industrial _xHistoria _ySiglo XIX _930651 |
||
| 650 |
_aDiseño moderno _xHistoria _930652 |
||
| 650 |
_aFuncionalismo (Arte) _930653 |
||
| 650 |
_aArtes decorativas _ySiglo XIX _930654 |
||
| 650 |
_aDiseño de productos _xHistoria |
||
| 655 |
_2local _aEstudios históricos _930656 |
||
| 942 |
_2lcc _cB _n1 |
||
| 999 |
_c19854 _d19854 |
||